| 000 | 00682nam a2200229 4500 | ||
|---|---|---|---|
| 001 | 120265 | ||
| 003 | ES-MaACL | ||
| 005 | 20230906191514.0 | ||
| 007 | t| | ||
| 008 | 070214s1967 sp r ||||1| spa d | ||
| 100 | 1 |
_aPirenne, Jacques. _992344 |
|
| 245 | 1 | 0 |
_aCivilizaciones antiguas / _cJacques Pirenne ; [versión española de Mariano G. Sanz]. |
| 250 | _a1ª ed. | ||
| 260 |
_aBarcelona : _bCaralt, _c1967. |
||
| 300 |
_a382 p., 8 lám. ; _c22 cm. |
||
| 490 | 1 | _aCultura histórica | |
| 650 | 4 |
_aCivilización antigua. _9141209 |
|
| 700 | 1 |
_aSanz, Mariano G. _9103590 |
|
| 830 | 1 |
_aCultura histórica _9182395 |
|
| 852 |
_aES-MaACL _jC-33590 |
||
| 999 |
_c120265 _d120265 |
||